[Event "Dortmund 44th"]
[Site "Dortmund"]
[Date "2016.07.12"]
[Round "3"]
[White "Dominguez Perez, Leinier"]
[Black "Ponomariov, Ruslan"]
[Result "1-0"]
[WhiteElo "2713"]
[BlackElo "2706"]
[Annotator "Ftacnik,L"]
[PlyCount "149"]
[EventDate "2016.07.09"]
[EventType "tourn"]
[EventRounds "7"]
[EventCountry "GER"]
[EventCategory "20"]
[SourceTitle "CBM 174"]
[Source "ChessBase"]
[SourceDate "2016.09.13"]
[SourceVersion "1"]
[SourceVersionDate "2016.09.13"]
[SourceQuality "1"]

1. e4 c5 2. Nf3 d6 3. d4 cxd4 4. Nxd4 Nf6 5. Nc3 a6 6. f3 e5 7. Nb3 Be6 8. Be3
h5 {The system preventing the key idea of White's set up g2-g4 has long become
a regular guest even on the highest level. It is necessary to change the track,
and Dominguez Perez immediately modifies the pawn structure with the knight
jump to d5.} 9. Nd5 Bxd5 10. exd5 Nbd7 11. Qd2 g6 12. O-O-O Nb6 13. c4 {
This highly charged position has so far seen only few different types of
solutions for the tension around the d5-pawn. The Cuban player chooses a move
which does not enjoy great reputation and in annotations is usually awarded an
?! Most probably the best continuation should be 13.Qa5, since this does not
expose White's pawn structure.} (13. Qa5 Bh6 (13... Nfd7 14. Kb1 Bh6 15. Bf2
$16) 14. Bxh6 Rxh6 15. g3 $1 (15. Kb1 Kf8 (15... Rc8 16. Qb4 $5 Kf8 (16...
Nfxd5 17. Rxd5 Nxd5 18. Qd2 Qc7 (18... Nf4 19. g3 Qf6 20. gxf4 Qxf4 21. Qd5 Rc7
22. Nd2 $14) 19. c4 Nf4 20. g3 b5 21. cxb5 Ne6 22. Be2 Rh8 23. Rc1 $16) (16...
Qc7 17. c4 Kf8 (17... Rh8 18. Rc1 Nbd7 19. g3 Kf8 20. Bh3 Kg7 21. Rhd1 b6 22.
Qa4 a5 23. f4 Ng4 24. fxe5 Ndxe5 $15 {0-1 (37) Pavlov,M (2353)-Areshchenko,A 
(2657) Alushta 2009}) 18. h4 Rh8 19. Rc1 Kg7 20. g3 Nbd7 21. Bh3 b6 22. f4 Rce8
23. f5 Nc5 24. Qc3 a5 25. Rhf1 Rhf8 26. Nd2 $11 {1-0 (60) Mekhitarian,K (2467)
-Bittencourt,J (2454) Americana 2009}) 17. c4 Kg7 18. g3 $1 Rh8 (18... g5 $6
19. Bd3 g4 20. f4 $16) 19. Rc1 Qc7 20. Bh3 Rce8 (20... Nxc4 21. Bxc8 Rxc8 22.
Nd2 b5 23. Nxc4 bxc4 24. Rhd1 a5 25. Qd2 Qb6 $11 {1/2-1/2 (59) Nijboer,F (2560)
-Hillarp Persson,T (2586) Wijk aan Zee 2009. The active black pieces are
promising sufficent compensation for the missing exchange.}) 21. Rhd1 (21. Rhe1
Nbd7 22. Re3 Ra8 $13) 21... Re7 (21... e4 $6 22. c5 $1 Nbxd5 (22... dxc5 23.
Nxc5 Qd6 24. fxe4 Rxe4 25. Qa3 Qe5 26. Nxe4 Qxe4+ 27. Qd3 $18) 23. Rxd5 Nxd5
24. Qd4+ Nf6 25. cxd6 Qb8 26. Nd2 exf3 27. d7 Re7 28. Rc8 Rxd7 29. Bxd7 Rxc8
30. Ne4 $16) 22. a3 (22. c5 Nbxd5 23. Rxd5 Nxd5 24. Qd2 $11 Qc6 25. Na5 Qc7 26.
Nb3 $11) 22... Rd8 (22... e4 $6 23. c5 $1 dxc5 (23... Nbxd5 24. Rxd5 Nxd5 25.
Qd4+ $16) 24. Nxc5 Nbxd5 25. Ne6+ fxe6 26. Rxc7 Rxc7 27. Qb3 $16) 23. Nd2 Nbd7
$6 (23... e4 $1 24. Qc3 Na4 25. Qc2 (25. Qd4 exf3 26. Rf1 Qc5 $15) 25... Nc5
26. fxe4 Nfxe4 27. Nxe4 Nxe4 $11) 24. Qc3 a5 (24... Nc5 25. b4 Ncd7 26. g4 $14)
25. Bxd7 Nxd7 (25... Rdxd7 26. Rf1 Qb6 27. Ne4 Nxe4 28. fxe4 Rc7 29. Qf3 $14)
26. f4 $14 {1-0 (40) Anand,V (2799)-Topalov,V (2780) Wijk aan Zee 2008. Anand
won in a strategically very interesting middlegame fight.}) 16. h4 Rc8 17. Qb4
Kg7 18. c4 Rh8 19. Be2 Re8 20. g3 Qc7 21. Rc1 e4 22. f4 e3 23. Qc3 Na4 24. Qb4
Nc5 $17 {1/2-1/2 (56) Dominguez Perez,L (2719)-Carlsen,M (2801) Moscow 2009.
The artificial transfer of the king to g7 has the advantage of taming down
White's potential initiative on the kingside with the help of the rook on h8.})
(15. h4 Kf8 16. g3 Kg7 17. Kb1 Rh8 18. c4 Re8 19. Be2 Rc8 20. Rc1 e4 21. f4 e3
22. Rhg1 Ne4 23. Ka1 Nd7 24. Qxd8 Rcxd8 $15 {1/2-1/2 (62) Leko,P (2751)
-Ivanchuk,V (2779) Mukachevo 2009}) 15... Kf8 16. Kb1 Kg7 17. Be2 Rh8 18. c4
Rc8 19. Rc1 Nfd7 20. Rhd1 Rc7 21. Qa3 Nc8 22. Nd2 Nf6 23. h3 Re7 24. g4 $16 {
1-0 (42) Topalov,V (2813)-Wojtaszek,R (2734) Skopje 2015. Topalov likes the
line for White and he obviously tries hard to make it work as a dangerous
weapon.}) (13. Kb1 {A very clever preparatory move (the c1-h6 diagonal), but
it might be too slow in a very tense position.} Nfxd5 (13... Nbxd5 14. Bg5 Be7
(14... Nb6 15. Na5 Rb8 16. Nc4 Nxc4 17. Bxc4 $16) 15. g3 (15. Na5 Rb8 16. Bc4
Nb6 (16... Qc7 17. Bxd5 Nxd5 18. Qxd5 Bxg5 $11) 17. Bxf6 $6 (17. Rhe1 $1 Qc7 (
17... O-O 18. Bb3) 18. Bxf6 Bxf6 19. Qxd6 Qxd6 20. Rxd6 $14) 17... Bxf6 18.
Qxd6 Qxd6 19. Rxd6 Bd8 20. Rd3 Bc7 21. Bb3 Ke7 22. Rhd1 Rhd8 23. Rxd8 Bxd8 24.
Nc4 Nxc4 25. Bxc4 $11 {1/2-1/2 (31) Grischuk,A (2771)-Topalov,V (2816) Saint
Louis 2015}) 15... Rc8 (15... Nb6 16. Bxf6 Bxf6 17. Qxd6 Qxd6 18. Rxd6 Bd8 19.
Bh3 O-O 20. Rhd1 Nc4 21. Rd7 b6 22. Nd2 Ne3 23. Re1 Bg5 24. Nf1 $14 {0-1 (53)
Svetushkin,D (2591)-Baklan,V (2633) Montpellier 2015}) (15... O-O 16. f4 a5 17.
Bg2 a4 18. Bxd5 Nxd5 19. Qxd5 axb3 20. Qxb3 Bxg5 21. fxg5 Qxg5 22. Rxd6 $14 {
1/2-1/2 (36) Leko,P (2737)-Giri,A (2730) London 2012}) 16. Bg2 Qc7 17. f4 Ne3
18. fxe5 Nc4 19. Qe2 Nxe5 20. Rhf1 Nfd7 21. Bxe7 Kxe7 22. Bd5 Nf6 23. Bg2 Nfd7
24. Nd4 Rce8 25. Qe4 $14 {1-0 (41) Idani,P (2560)-Darini,P (2524) Urmia 2016})
(13... Rc8 14. Qa5 Nfd7 15. Qb4 Qc7 16. c3 h4 17. f4 Bg7 18. Be2 exf4 19. Bxf4
Be5 20. Bg4 Qc4 21. Bxe5 Qxb4 22. cxb4 dxe5 23. Na5 f5 $11 {1/2-1/2 (49)
Tahbaz,A (2282)-Idani,P (2568) Rasht 2016}) 14. Bf2 Nf6 15. Bd3 (15. Bh4 Be7
16. Bxf6 Bxf6 17. Qxd6 Qxd6 18. Rxd6 Bd8 $11) 15... Nbd7 16. Rhe1 Qc7 17. g3
Bh6 {1/2-1/2 (17) Saric,I (2654)-Palac,M (2568) Porec 2016}) 13... Rc8 14. Na5
Nbxd5 {Every serious choice in the game of chess might be critical for the
success. A world of its own would be introduced by 14...Nfxd5. The nature of
the fight would have been different, with a rather small advanatge for White.}
(14... Nfxd5 15. Bg5 (15. Bxb6 Nxb6 16. Nxb7 Nxc4 17. Bxc4 Rxc4+ 18. Kb1 Qc7
19. Qd5 Qc6 $15) 15... Qxg5 16. Qxg5 Bh6 17. Qxh6 Rxh6 18. Nxb7 Kd7 19. c5 Ke7
$1 20. Bxa6 dxc5 21. Rhe1 f6 $11) 15. Bg5 (15. Nxb7 $2 Qc7 16. Bg5 Qxb7 17. Kb1
Nh7 18. cxd5 Nxg5 19. Qxg5 Bg7 $17) 15... b6 $1 {Ponomariov is not losing
control of the situation, his choice is objectively best.} (15... Qb6 16. Kb1
Nh7 17. Bh4 (17. Qxd5 Nxg5 18. Qxb7 Qxb7 19. Nxb7 Rc6 20. c5 dxc5 21. Bc4 $14)
17... Ne3 18. Bf2 Bh6 19. Qe1 Qc7 20. Bxe3 Bxe3 21. Qxe3 Qxa5 22. Rxd6 $16) 16.
Nb7 (16. Kb1 bxa5 17. cxd5 Be7 $11) 16... Qc7 17. Bxf6 Nxf6 {The modern
engines are helping players to understand chess much better. Objectively best
was the very clever exchange of the bishops, with the line leading to the
equal ending.} (17... Bh6 $1 18. Bg5 Bxg5 19. Qxg5 Qxb7 20. Kb1 Qe7 21. Qxe7+
Nxe7 22. Rxd6 Rc6 $11) 18. Nxd6+ Bxd6 19. Qxd6 Nd7 20. Be2 {Due to the
slightly assymetrical pawn structure, the white bishop should be better than
the black knight. Objectively speaking the presence of rooks on the board is
minimizing the defender's problem.} a5 (20... h4 21. b3 $14) 21. b3 Qxd6 22.
Rxd6 Ke7 23. Rhd1 Rc7 24. Kb2 Rb8 25. R6d5 Ke6 26. Rd6+ Ke7 27. R6d5 Ke6 28. a3
{Dominguez has to start advancing his pawns or admit that otherwise he can
hardly improve the position.} (28. g3 Nf6 29. Rd6+ Ke7 30. a3 Rd7 31. Rxd7+
Nxd7 $11) 28... Nf6 29. Rd6+ Ke7 30. R6d2 h4 (30... Rd7 31. Kc3 Rxd2 32. Rxd2
Ke6 33. b4 e4 $11) 31. Bd3 Nh5 32. Re1 Kf6 33. Bc2 Nf4 {The knight became
active for the first time in the game, and White finds it intolerable to live
with the intruder.} 34. g3 hxg3 35. hxg3 Ne6 36. Rd5 a4 $5 {Solid practical
solution as the deficient pawn structure will minimize white's chances to play
for win.} (36... Rh8 37. Rdxe5 Rh3 38. Rb5 Rc6 (38... Rxg3 39. Be4 Nc5 40.
Rxb6+ Kg5 41. Rb5 f5 42. Bc2 Rxf3 43. Rg1+ Kf6 44. Rxa5 Rf2 45. Kc3 $14) 39.
Be4 Rd6 40. g4 Nc5 41. Re2 $14) 37. Rexe5 axb3 38. Bxb3 Nc5 (38... Rh8 39. Re3
Rh3 40. f4 $14) 39. f4 Rd7 (39... Kg7 40. Bc2 Nb7 41. Bd3 Rh8 42. Re3 $14) 40.
Bc2 {Very strong grandmasters are groomed not to make any serious decisions in
the moments before the time control. Let us just note that the immediate
exchange of the rooks was a serious alternative.} (40. Rxd7 Nxd7 41. Rb5 Rh8
42. c5 Rh5 43. Rb4 Nxc5 44. Rxb6+ Ke7 45. Kc3 $14) 40... Rh8 41. Rxd7 Nxd7 42.
Re3 Nc5 43. Kc3 Rh2 44. a4 Rg2 45. Bb3 {White is enjoying the advantage of a
spare pawn, but it seems to be very difficult to make any progress. Black has
located his pieces on the best squares, and the g3-pawn remains a serious
weakness.} (45. Bd1 Rg1 $11) 45... Rg1 (45... Kf5 $2 46. a5 Nxb3 47. axb6 $18)
46. Kb4 Rb1 47. Ka3 Ra1+ 48. Kb2 Rg1 49. Bc2 Rg2 50. Kc3 Rf2 51. Bb3 (51. Re5
Rf3+ 52. Kd2 Rf2+ 53. Kd1 Rf1+ 54. Ke2 Ra1 $11) 51... Rf1 52. Bc2 Rf2 53. Bd1
Rf1 54. Bb3 Rg1 55. Kb4 Rb1 {It is a bit unusual to see the same position
after a distance of 9 moves (46th move). If Dominguez wants to play on, he
will have to try a pawn advance.} 56. a5 $5 Nxb3 {Ponomariov had a clear way
to equality with 56...Na6+!, but the rook ending seemed to be quite harmless
to him.} (56... Na6+ $1 57. Kb5 Nc5 58. axb6 Nxb3 59. c5 Nd4+ 60. Ka6 Ra1+ 61.
Kb7 Rc1 62. Re5 Ne6 63. Kc6 Rb1 $11) 57. Rxb3 {[%mdl 4096]} (57. axb6 Nd2+ 58.
Kc3 Nxc4 59. Kxc4 Rxb6 $11) 57... bxa5+ 58. Ka4 Rc1 (58... Rxb3 $2 59. Kxb3 Ke6
60. Ka4 Kd6 61. Kb5 a4 62. Kxa4 Kc5 63. Kb3 $18) 59. Kb5 g5 $6 {A serious step
in the wrong direction. Black king should have helped to slow down the
dangerous c-pawn.} (59... Ke6 60. Ra3 (60. Rd3 Ra1 61. c5 a4 62. Kb4 f6 63. g4
Rc1 64. Rd6+ Ke7 65. Rd5 Ke6 $11) 60... Kd6 61. Rd3+ Kc7 62. Kc5 Ra1 63. Rd6 a4
64. Rf6 a3 65. Rxf7+ Kb8 66. Kb4 a2 67. Kb3 Rg1 68. Kxa2 Rxg3 $11) 60. fxg5+
Kxg5 61. c5 (61. Rf3 f5 $1 (61... f6 $2 62. c5 Kg6 63. c6 Kf7 64. Ra3 Ke7 65.
Kb6 a4 66. Rxa4 Rc3 67. g4 $18) 62. c5 a4 63. Ra3 Kf6 64. Rxa4 Rc3 65. c6 Rxg3
66. c7 Rg8 $11) 61... a4 $2 {Once again it was crucial to hurry back with the
black king abstaining from the ambition to create counterplay.} (61... Kf6 $1
62. Re3 a4 63. c6 $14) 62. Ra3 Kg4 (62... Kf5 63. Rxa4 Ke5 64. Rc4 Rb1+ 65. Rb4
Rc1 66. Kb6 Kd5 67. Rb2 $1 $18) 63. c6 f5 64. Rd3 $2 {Rook endgames are
notoriously difficult, and the fight of two excellent players only confirms
this suspicion.} (64. Kb6 $1 Rc4 (64... Rb1+ 65. Kc5 Rc1+ 66. Kd6 Rd1+ 67. Ke7
Rc1 68. Kd7 Rd1+ 69. Kc8 Kh3 70. c7 Rb1 71. Rf3 Rb2 72. Rxf5 a3 73. Kd7 Rd2+
74. Kc6 a2 75. c8=Q a1=Q 76. Ra5+ $18) 65. c7 f4 66. gxf4 Kxf4 67. Rxa4 Rxa4
68. c8=Q $18) 64... f4 $2 {The final mistake pushes Black over the edge. It
was still possible to make a draw with a speedy retreat of the black king.} (
64... Kg5 $1 65. Kb6 Rb1+ 66. Ka6 Rc1 67. Kb7 Rb1+ 68. Kc8 Rb3 69. Rd5 a3 70.
Ra5 Rxg3 $11) 65. gxf4 Kxf4 66. Kb6 Ke4 67. Rd2 (67. Ra3 Kd5 68. c7 Rb1+ 69.
Ka6 Rc1 70. Kb7 Rb1+ 71. Kc8 Ke6 72. Rxa4 $18) 67... Rb1+ 68. Kc5 Ke3 (68...
Rc1+ 69. Kd6 Ke3 70. Ra2 Rd1+ 71. Ke5 Rc1 72. Ra3+ Ke2 73. Kd5 Rd1+ 74. Kc4 $18
) 69. Ra2 Rc1+ 70. Kd6 Rd1+ 71. Ke5 Rc1 72. Ra3+ Ke2 73. Kd5 Rd1+ 74. Kc5 (74.
Kc4 Rc1+ 75. Rc3 $18) 74... Rc1+ 75. Kb5 1-0

[Event "Dortmund 44th"]
[Site "Dortmund"]
[Date "2016.07.15"]
[Round "5"]
[White "Buhmann, Rainer"]
[Black "Ponomariov, Ruslan"]
[Result "0-1"]
[WhiteElo "2653"]
[BlackElo "2706"]
[Annotator "Iotov,V"]
[PlyCount "72"]
[EventDate "2016.07.09"]
[EventType "tourn"]
[EventRounds "7"]
[EventCountry "GER"]
[EventCategory "20"]
[SourceTitle "CBM 174"]
[Source "ChessBase"]
[SourceDate "2016.09.13"]
[SourceVersion "1"]
[SourceVersionDate "2016.09.13"]
[SourceQuality "1"]

1. Nf3 Nf6 2. c4 b6 3. g3 Bb7 4. Bg2 e6 5. O-O Be7 6. d4 O-O 7. d5 {A rare
variation, also known as the "old" theory. The only reason White would want to
enter this variation is to force a draw - there simply isn't much more to be
found.} (7. Nc3 Ne4 8. Bd2 f5 9. Qc2 $5 $14) (7. Re1 $5 {Attempting to take
control over e4, this variation is still one my favorite responses to this
variation!}) 7... exd5 8. Nh4 c6 9. cxd5 Nxd5 10. Nf5 Nc7 11. Nc3 d5 12. e4 Bf6
(12... Nba6 $5 13. Re1 Re8 14. exd5 cxd5 15. Bf4 Bf8 16. Qg4 Qf6 17. Nh6+ Kh8 {
0-1 Kozul,Z (2602)-Alekseev,E (2700)/Rijeka CRO 2010}) 13. exd5 cxd5 (13...
Nxd5 $6 {There is no reason to exchange the knights. Black's knight could
serve both defensive and attacking purposes (on e6) - unlike the knight on c3.}
14. Nxd5 cxd5 15. Ne3 Na6 16. Nxd5 Nc5 17. Be3 Bxd5 18. Bxd5 Rc8 19. Rb1 Qe7
20. Bxc5 Rxc5 21. b4 Rc3 22. Re1 Qc7 23. Bb3 g6 24. Qg4 Kg7 $11 {1/2-1/2
Harika,D (2528)-Adams,M (2758)/Douglas ENG 2014}) 14. Bf4 Nba6 15. Re1 Bc8 (
15... Qd7 $6 16. Bh3 Qd8 $1 (16... Ne6 17. Ne4 $1 Bxb2 18. Rb1 $16 {1-0 Xu Jun
(2498)-Wang Yue (2709)/Hefei CHN 2011}) 17. Nd6 $14) 16. Nd6 $5 {The
alternative variation to the obvious 16.Nd4 draw! Now, White attempts to take
the advantage. The problem is that the knight on d6 could become a problem if
the position is handled incorrectly.} (16. Nd4 Bb7 17. Nf5 $11) 16... Bxc3 $5 (
16... Be6 17. Nxd5 Nxd5 18. Bxd5 Bxd5 19. Qxd5 Bxb2 20. Rad1 Nc5 21. h4 $14)
17. bxc3 Be6 18. a4 $1 {[%csl Ga1][%cal Ga4a5] By far the best move in the
position! It is also quite easy to reach the conclusion of why that is... Just
ask yourself the question - how can I improve my position?} Nc5 19. h4 $6 {
A huge waste of time! Buhmann should have continued his idea from the previous
move.} (19. a5 $1 b5 (19... Ne8 $6 20. Nxe8 Rxe8 21. c4 $16) 20. Rb1 Qd7 21. c4
dxc4 22. Bxa8 Rxa8 23. Nxc4 Qxd1 24. Rexd1 Nd5 25. Rxb5 Nc3 26. Rxc5 Nxd1 27.
Ne5 $14 {[%csl Ra7]}) 19... Qd7 20. a5 Bg4 21. f3 $6 {[%csl Rg2] A crucial
mistake, and the beginning of the end!} (21. Bf3 $142 Bxf3 22. Qxf3 bxa5 23.
Rxa5 Nb3 24. Ra2 Nc5 25. Ra5 $11) 21... Be6 $15 22. g4 $6 {Another move that
is a complete waste of time - even though it is not completely pointless.
White prepares a future retreat to f5 with the knight, but completely ignores
the biggest problem in the position - the bishop on g2.} (22. axb6 $142 axb6
23. Rxa8 Rxa8 24. Bf1 $15) 22... Qc6 $6 (22... bxa5 $1 23. Rxa5 Qc6 24. Kh1
Rfd8 25. Nf5 Bxf5 26. gxf5 Nb5 $17) 23. Rb1 $2 (23. axb6 $142 {... Attempting
to fix the mistake from the previous move.} axb6 24. Rxa8 Rxa8 25. Bf1 Rd8 26.
Nc4 Bd7 27. Ne5 Qb7 28. Be3 Bc8 29. Bf2 $132) 23... Rad8 {[%csl Rd6] At this
point, it's either the knight on d6 that is doomed or White's pawn structure.}
24. axb6 axb6 25. Nf5 Bxf5 26. gxf5 Nb5 27. Be5 Rfe8 $19 {[%csl Yb5,Yc5,Gc6,
Gd8,Ge8]} 28. f4 f6 (28... Ne4 $142 29. Kh2 Nbxc3 30. Rc1 Qh6 $19) 29. c4 fxe5
30. Bxd5+ Rxd5 31. Qxd5+ Qxd5 32. cxd5 Nc3 (32... Nd4 $142 {[%cal Gd4f3] The
more logical alternative...}) 33. Rxb6 Nxd5 $2 {A slight oversight which leads
to an almost drawish position!} ({The easy win was:} 33... Nd3 $1 34. Ra1 Nxf4
$19) 34. Rd6 $4 {Buhmann returns the favor...} (34. Rxe5 $3 Nxb6 35. Rxe8+ Kf7
36. Re5 Nd3 37. Rb5 Nc8 38. Kg2 Nxf4+ 39. Kf3 Nh5 40. Kg4 Nf6+ 41. Kf4 $132 {
Even though the position is still fairly close to being won, it doesn't seem
like Black can make any progress due the lack of pawns in the center to
support his knights. Now, draw seems to be the most likely outcome!}) 34...
Nxf4 35. Ra1 e4 36. Rc6 e3 0-1